000 00580nam a2200253Ia 4500
008 210210b2009 xxu||||| |||| 00| 0 eng d
041 _aeng
082 _a659.1 CHUA
100 _aCHUNAWALA (S A)
245 _aAdvertising sales and promotion management Rev Ed 3
250 _a
260 _aMumbai
_bHimalaya Publishing House
_c2009
300 _a523
650 _asales
650 _aRev
650 _apromotion
650 _amanagement
650 _aEd
650 _aand
650 _aAdvertising
650 _a3
690 _aAdvertising
906 _a064151
999 _c139741
_d139741